| 000 | 01060cam a22002895a 4500 | ||
|---|---|---|---|
| 001 | 17933826 | ||
| 005 | 20161012153149.0 | ||
| 008 | 131107t2014 enka frbd 001 0 eng d | ||
| 020 | _a9781118820315 | ||
| 040 |
_aDLC _beng _cDLC _dEG-ScBUE |
||
| 082 | 0 | 4 |
_a658.155 _222 _bPRO |
| 245 | 0 | 0 |
_aProject risk management guidelines : _bmanaging risk with ISO 31000 and IEC 62198 / _cDale Cooper ... [et al.] |
| 250 | _a2nd ed. | ||
| 260 |
_aChichester : _bJohn Wiley & Sons, _cc.2014. |
||
| 300 |
_axxv, 406 p. : _bill. ; _c25 cm. |
||
| 500 | _aGlossary : p. [393]-396. | ||
| 500 | _aIndex : p. [401]-406. | ||
| 504 | _aBibliography : p. [397]-399. | ||
| 505 | 0 | _aPrinciples of effective project risk management -- Project phases and approval decisions -- Framework for managing risk in projects. | |
| 650 | 7 |
_aRisk management. _2BUEsh _912222 |
|
| 650 | 7 |
_aProject management. _2BUEsh _911664 |
|
| 650 | 0 |
_aIndustrial procurement _xManagement. _2BUEsh |
|
| 651 | _2BUEsh | ||
| 653 |
_bENGGEN _cOctober2016 |
||
| 700 | 1 |
_aCooper, Dale F. _941515 |
|
| 942 | _2ddc | ||
| 999 |
_c22544 _d22516 |
||